Piłkarze Atletico Madryt - nagła śmierć - Statystyki

Ogólne statystyki
  • Ten quiz został rozwiązany 434 razy
  • Średni wynik to 11 z 18
Answers on the Grid
Answers color-coded by a green-red scale on the quiz's grid according to % correct below.
Sergio Agüero
Andrés Iniesta
Jan Oblak
Javier Zanetti
Cesc Fàbregas
Diego Godín
Javier Pastore
Xabi Alonso
David Villa
Ángel Di María
Rodrigo de Paul
João Félix
Iker Casillas
Radamel Falcao
Antoine Griezmann
Stefan Savić
Joshua Kimmich
Fernando Torres
Romelu Lukaku
Rivaldo
Mario Mandžukić
Kylian Mbappé
David de Gea
Marco Materazzi
Marcos Senna
Arda Turan
Fernando Alonso
César Azpilicueta
Sergio Ramos
David Silva
Emilio Butragueño
Thiago Motta
Raúl
Fernando Hierro
Raúl García
Fernando Morientes
Thiago Alcântara
Juanfran
Miranda
Martin Ødegaard
 
Statystyki odpowiedzi
Odpowiedź % Poprawnych
Jan Oblak
96%
Diego Godín
81%
Antoine Griezmann
78%
Sergio Agüero
78%
João Félix
75%
Rodrigo de Paul
74%
Fernando Torres
71%
Stefan Savić
65%
Radamel Falcao
61%
César Azpilicueta
57%
David Villa
57%
Arda Turan
55%
Juanfran
53%
Mario Mandžukić
50%
David de Gea
46%
Miranda
45%
Raúl García
26%
Thiago Motta
15%
Nie znaleziono quizów pasujących do podanych kryteriów
Rozkład punktacji
Procent ludzi z każdym wynikiem
Percentyl według liczby udzielonych odpowiedzi
Twoja historia wyników
Nie rozwiązałeś tego quizu